[Event "SportAccord Blindfold Men 2012"]
[Site "Beijing CHN"]
[Date "2012.12.19"]
[Round "5.7"]
[White "Jobava,Ba"]
[Black "Bologan,V"]
[Result "0-1"]
[WhiteElo "2711"]
[BlackElo "2681"]

1.b3 e5 2.Bb2 d6 3.e3 c5 4.d4 cxd4 5.exd4 exd4 6.Nf3 Nf6 7.Bb5+ Nc6 8.O-O Be7
9.Nxd4 Bd7 10.Re1 O-O 11.Nc3 d5 12.Nxc6 bxc6 13.Bd3 Bd6 14.h3 Re8 15.Qf3 Qa5
16.Kf1 Ba3 17.Bxa3 Qxa3 18.Qf4 h6 19.Rad1 Qa5 20.Qd2 Kf8 21.Na4 Qxd2 22.Rxd2 Rxe1+
23.Kxe1 Ke7 24.Nc5 Bc8 25.c4 Kd6 26.Na4 Be6 27.c5+ Kc7 28.Re2 Rb8 29.Kd2 g5
30.Re1 Rb4 31.g3 Nd7 32.Kc3 a5 33.Bf1 h5 34.Rd1 Rxa4 35.bxa4 Nxc5 36.Kd2 Nxa4
37.h4 g4 38.Rc1 Kd6 39.Be2 d4 40.Bc4 Nc3 41.Kd3 Kc5 42.Bxe6 fxe6 43.Rc2 e5
44.Rb2 e4+ 45.Kd2 Kc4 46.Rb8 e3+ 47.fxe3 Ne4+ 48.Kc2 d3+ 49.Kb2 Nxg3 50.Rf8 Ne2
51.Rf5 g3 52.Rg5 a4 53.a3 c5 54.e4 Kd4 55.e5 Kd5  0-1

[Event "SportAccord Blindfold Men 2012"]
[Site "Beijing CHN"]
[Date "2012.12.19"]
[Round "6.6"]
[White "Bologan,V"]
[Black "Ivanchuk,V"]
[Result "1/2-1/2"]
[WhiteElo "2681"]
[BlackElo "2766"]

1.e4 c5 2.Nf3 e6 3.d4 cxd4 4.Nxd4 a6 5.Nc3 d6 6.Be3 b5 7.Qd2 Nd7 8.f3 Ngf6
9.g4 h6 10.a3 Bb7 11.O-O-O Rc8 12.h4 d5 13.exd5 Nxd5 14.Nxd5 Bxd5 15.Be2 Ne5
16.Kb1 Qc7 17.Rhe1 Nc4 18.Bxc4 Qxc4 19.b3 Qc7 20.Bf4 Qc5 21.c4 bxc4 22.b4 c3
23.Qc2 Qc4 24.Qa4+ Bc6 25.Nxc6 Rxc6 26.Rc1 Qb5 27.Qxb5 axb5 28.Re3 Rc4 29.Bg3 Bxb4
30.axb4 Rxb4+ 31.Kc2 Rb2+ 32.Kxc3 Rg2 33.Bd6 Kd7 34.Rd1 Rc8+ 35.Kb3 Ke8 36.Bb4 h5
37.g5 Rh2 38.Re4 Rc4 39.Bc3 Rh3 40.Rxc4 bxc4+ 41.Kxc4 Rxh4+ 42.Kc5 f6 43.gxf6 gxf6
44.Rd4 Rh3 45.Rd3 e5 46.Kd5 Kf7 47.Ke4 Ke6 48.Ke3 f5 49.Kf2 e4 50.Kg2 Rxf3
51.Rxf3 exf3+ 52.Kxf3 h4 53.Kf4 h3 54.Kg3 f4+ 55.Kxh3 Kf5 56.Kg2 Kg4 57.Kf2 f3
58.Bd2 Kh5 59.Kxf3  1/2-1/2

[Event "SportAccord Blindfold Men 2012"]
[Site "Beijing CHN"]
[Date "2012.12.19"]
[Round "7.6"]
[White "Karjakin,Sergey"]
[Black "Bologan,V"]
[Result "0-1"]
[WhiteElo "2775"]
[BlackElo "2681"]

1.b3 d5 2.Bb2 c5 3.e3 Nc6 4.f4 Nf6 5.Nf3 g6 6.Bb5 Bg7 7.Bxc6+ bxc6 8.O-O O-O
9.d3 d4 10.e4 Ng4 11.Nbd2 Ne3 12.Qe2 Nxf1 13.Rxf1 Ba6 14.a4 Qd6 15.g3 c4
16.bxc4 c5 17.Ba3 Rfc8 18.Nb3 Rc6 19.e5 Qc7 20.Ng5 f6 21.Ne4 fxe5 22.fxe5 Qxe5
23.Bxc5 Rd8 24.Bxa7 Bb7 25.Qf2 Rf8 26.Qxd4 Rxf1+ 27.Kxf1 Qf5+ 28.Qf2 Ra6
29.Bc5 Bxe4 30.dxe4 Qxe4 31.Nd2 Qh1+ 32.Qg1 Rf6+ 33.Ke2 Re6+ 34.Kd1 Qa8 35.Bd4 Bxd4
36.Qxd4 Qh1+  0-1

[Event "FIDE World Blitz 2013"]
[Site "Khanty-Mansiysk RUS"]
[Date "2013.06.09"]
[Round "1.25"]
[White "Bezgodov,A"]
[Black "Bologan,V"]
[Result "1/2-1/2"]
[WhiteElo "2482"]
[BlackElo "2672"]

1.e4 c5 2.a3 g6 3.Bc4 Bg7 4.h4 e6 5.Nc3 Ne7 6.d3 d5 7.Ba2 h6 8.Qf3 d4 9.Nce2 Nbc6
10.Qg3 e5 11.f4 Qd6 12.Nf3 Be6 13.Bxe6 fxe6 14.h5 exf4 15.Nxf4 g5 16.Ne2 Ne5
17.Bd2 Nxf3+ 18.gxf3 Qxg3+ 19.Nxg3 O-O 20.O-O e5 21.b4 Rfc8 22.bxc5 Kf7 23.Rab1 Rc7
24.Ba5 Rxc5 25.Bb4 Rc7 26.Bd6 Rd7 27.Bxe7 Kxe7 28.Nf5+ Kf6 29.Rb5 Bf8 30.Rfb1 b6
31.a4 Rc8 32.a5 Bc5 33.axb6 Bxb6 34.Rxb6+ axb6 35.Rxb6+ Kf7 36.Nd6+ Rxd6
37.Rxd6 Rxc2 38.Rxh6 Rd2 39.Rh7+ Kf8 40.h6 Rxd3 41.Re7 Kg8 42.Rxe5 Rxf3 43.Rxg5+ Kh7
44.Rd5 d3 45.Kg2 Re3 46.Kf2  1/2-1/2

[Event "FIDE World Blitz 2013"]
[Site "Khanty-Mansiysk RUS"]
[Date "2013.06.09"]
[Round "2.25"]
[White "Bologan,V"]
[Black "Bezgodov,A"]
[Result "1-0"]
[WhiteElo "2672"]
[BlackElo "2482"]

1.e4 e5 2.Nf3 Nf6 3.d3 d6 4.g3 g6 5.Bg2 Bg7 6.O-O O-O 7.c3 c6 8.Re1 Nbd7
9.d4 Re8 10.Nbd2 a5 11.Nc4 Nb6 12.Ncd2 a4 13.Qc2 Qc7 14.Nf1 Bg4 15.h3 Bxf3
16.Bxf3 Nfd7 17.Rd1 d5 18.exd5 cxd5 19.dxe5 Nxe5 20.Bg2 d4 21.Bf4 dxc3 22.Qxc3 Qxc3
23.bxc3 Nec4 24.Bxb7 Ra7 25.Bc6 Rc8 26.Bf3 a3 27.Rac1 Na4 28.Kg2 Nxc3 29.Rd3 Nb2
30.Rd2 Nc4 31.Rdc2 Nb2 32.Rd2 Nc4 33.Rd3 Nb2 34.Re3 h6 35.h4 Nba4 36.Nd2 Rd8
37.Rc2 Nd5 38.Bxd5 Rxd5 39.Nc4 g5 40.Re8+ Kh7 41.hxg5 hxg5 42.Be3 Ra6 43.Nxa3 Nc3
44.Nc4 Rxa2 45.Rxa2 Nxa2 46.Nb6 Rb5 47.Nc4 Kg6 48.Rc8 Nc3 49.Rc6+ Kh7 50.Nd6 Rb2
51.Nxf7 Nd1 52.Nxg5+ Kg8 53.Rc8+ Bf8 54.Bc5  1-0

[Event "FIDE World Blitz 2013"]
[Site "Khanty-Mansiysk RUS"]
[Date "2013.06.09"]
[Round "3.7"]
[White "Grischuk,A"]
[Black "Bologan,V"]
[Result "1/2-1/2"]
[WhiteElo "2779"]
[BlackElo "2672"]

1.d4 Nf6 2.Nf3 d6 3.g3 Nbd7 4.c4 e5 5.Nc3 Be7 6.Bg2 O-O 7.O-O c6 8.Qc2 a6
9.e4 b5 10.c5 dxc5 11.Nxe5 Bb7 12.Nf3 cxd4 13.Nxd4 Re8 14.Rd1 Qb6 15.h3 Bf8
16.Nf5 c5 17.Bf4 Re6 18.a4 Rae8 19.axb5 axb5 20.Qb3 b4 21.Nd5 Nxd5 22.exd5 Re2
23.Ne3 c4 24.Qxc4 Rxb2 25.Qc1 Rb3 26.Qc2 Rc3 27.Qa4 Qd8 28.Qb5 Qc8 29.d6 Bxg2
30.Kxg2 Rc5 31.Qxb4 g5 32.Kg1 gxf4 33.Qxf4 Qc6 34.Nf5 Ne5 35.Qg5+ Kh8 36.Qf6+ Kg8
37.Qg5+ Kh8 38.Qf6+ Kg8 39.Qg5+ Kh8 40.Qf6+  1/2-1/2

[Event "FIDE World Blitz 2013"]
[Site "Khanty-Mansiysk RUS"]
[Date "2013.06.09"]
[Round "4.7"]
[White "Bologan,V"]
[Black "Grischuk,A"]
[Result "1/2-1/2"]
[WhiteElo "2672"]
[BlackElo "2779"]

1.e4 e5 2.Nf3 Nc6 3.Bc4 Bc5 4.O-O Nf6 5.d3 d6 6.c3 Bb6 7.Bb3 O-O 8.Nbd2 Ne7
9.Re1 Ng6 10.Nf1 c6 11.Ng3 Re8 12.h3 d5 13.Bg5 h6 14.Bxf6 Qxf6 15.exd5 cxd5
16.d4 Bd7 17.Bxd5 exd4 18.Rxe8+ Rxe8 19.Nxd4 Bc8 20.Qf3 Nf4 21.Nh5 Nxh5 22.Qxh5 Rd8
23.Qf3 Qxf3 24.Bxf3 Bxd4 25.cxd4 Rxd4 26.Rc1 Be6 27.a3 b5 28.Rd1 Rc4 29.Rd2 Rc1+
30.Kh2 g5 31.g4 Kg7 32.Kg3 Rg1+ 33.Bg2 a5 34.f4 gxf4+ 35.Kxf4  1/2-1/2

[Event "FIDE World Blitz 2013"]
[Site "Khanty-Mansiysk RUS"]
[Date "2013.06.09"]
[Round "5.13"]
[White "Bologan,V"]
[Black "Rakhmanov,Ale"]
[Result "0-1"]
[WhiteElo "2672"]
[BlackElo "2602"]

1.e4 c5 2.Nf3 Nf6 3.e5 Nd5 4.Nc3 Nxc3 5.dxc3 Nc6 6.Bf4 Qb6 7.b3 Qc7 8.Qd2 h6
9.h4 e6 10.O-O-O a6 11.h5 b5 12.Kb1 c4 13.Ka1 Ne7 14.Be3 Nd5 15.Bd4 Bb7 16.bxc4 bxc4
17.Rb1 Ne7 18.Qe2 Bd5 19.Bb6 Qc6 20.Nd4 Qa4 21.Qd2 Nc8 22.Bc7 Na7 23.Bd6 Nb5
24.Bxf8 Kxf8 25.Rh4 Qa3 26.Rh3 Nxd4 27.Qxd4 Ke7 28.Bxc4 Bxc4 29.Qh4+ f6 30.exf6+ gxf6
31.Qxc4 Rab8 32.Rhh1 Rhc8 33.Rb3 Rxb3 34.Qxb3 Rxc3 35.Qxa3+ Rxa3 36.Kb2 Ra5
37.Rh4 Rf5 38.f3 Rg5 39.g4 f5 40.gxf5 Rxf5 41.f4 Kd6 42.Kc3 Kc5 43.Kd3 Rd5+
44.Ke3 Rf5 45.Rh1 Kc4 46.Rd1 d5 47.Rd4+ Kc3 48.Rd3+ Kxc2 49.Ra3 a5 50.Rb3 Rxh5
51.Rb6 e5 52.fxe5 Rxe5+ 53.Kd4 Rh5 54.a4 Rh4+ 55.Kxd5 h5 56.Rc6+ Kb3 57.Rh6 Kxa4
58.Rb6 Rb4 59.Rh6 Kb3 60.Kc5 h4 61.Rf6 Rc4+ 62.Kb5 a4 63.Rf1 Rg4 64.Rb1+ Kc2
65.Ra1 h3 66.Ra3 Rh4  0-1

[Event "FIDE World Blitz 2013"]
[Site "Khanty-Mansiysk RUS"]
[Date "2013.06.09"]
[Round "6.13"]
[White "Rakhmanov,Ale"]
[Black "Bologan,V"]
[Result "1/2-1/2"]
[WhiteElo "2602"]
[BlackElo "2672"]

1.d4 d6 2.Nf3 g6 3.Nbd2 Bg7 4.e4 Nf6 5.Bd3 O-O 6.O-O Nbd7 7.Re1 e5 8.dxe5 dxe5
9.Nc4 Re8 10.Bf1 Qe7 11.c3 b6 12.Nfd2 Bb7 13.f3 Rad8 14.Qc2 Nh5 15.b4 Qh4
16.Rd1 Nf8 17.Nb3 Ne6 18.Be3 Qe7 19.a4 a6 20.a5 b5 21.Nb2 Bc8 22.Rxd8 Rxd8
23.Rd1 Nhf4 24.Rxd8+ Nxd8 25.Nc5 Nde6 26.Nxe6 Bxe6 27.Qd2 f5 28.Nd3 fxe4
29.fxe4 Nxd3 30.Bxd3 h5 31.Be2 Kh7 32.Bg5 Qe8 33.Qd8 Qc6 34.Bf6 Bf7 35.Bxg7 Kxg7
36.Qd2 Qxe4 37.Bf3 Qc4 38.Qe3 Kf6 39.h4 Bd5 40.Qg5+ Kf7 41.Qxe5 Bxf3 42.gxf3 Qxh4
43.Qxc7+ Qe7 44.Qf4+ Qf6 45.Qc7+ Ke6 46.Qc8+ Ke5 47.Qc5+ Kf4 48.Kg2 Qe6 49.Qd4+ Kf5
50.Qd3+ Kg5 51.Qd2+ Kf6 52.Qd4+ Kf7 53.Qa7+ Kg8 54.Qb8+ Kg7 55.Qc7+ Kh6 56.Qf4+ g5
57.Qd4 Qe2+ 58.Kg1 Qe1+ 59.Kg2 Qe6 60.Qb6 Qg6 61.c4 bxc4 62.b5 c3 63.bxa6 Qxb6
64.axb6 c2 65.b7 c1=Q 66.b8=Q Qd2+ 67.Kg3 Qe1+ 68.Kg2 Qe2+ 69.Kg1 Qxa6 70.Qh8+ Kg6
71.Qg8+ Kf6 72.Qh8+ Kf5 73.Qxh5 Qa1+ 74.Kg2 Qb2+ 75.Kg1 Qd4+ 76.Kg2 Qd2+
77.Kg1 Qe1+ 78.Kg2 Qe2+ 79.Kg1 Qd1+ 80.Kg2 Qd2+ 81.Kg1 Qd4+ 82.Kg2 Ke5  1/2-1/2

[Event "FIDE World Blitz 2013"]
[Site "Khanty-Mansiysk RUS"]
[Date "2013.06.09"]
[Round "7.18"]
[White "Bologan,V"]
[Black "Ponkratov,P"]
[Result "0-1"]
[WhiteElo "2672"]
[BlackElo "2605"]

1.e4 e6 2.d3 d5 3.Qe2 Nc6 4.Nf3 dxe4 5.dxe4 e5 6.c3 a5 7.Qc2 Bc5 8.Bb5 Qf6
9.Nbd2 Ne7 10.Nf1 O-O 11.Ng3 Bg4 12.Ng5 h6 13.h3 Bd1 14.Kxd1 hxg5 15.Ke1 Ng6
16.Nf5 Nce7 17.g3 Rad8 18.Kf1 Nxf5 19.exf5 Ne7 20.Bd3 Rxd3 21.Qxd3 Nxf5 22.Kg2 Nh4+  0-1

[Event "FIDE World Blitz 2013"]
[Site "Khanty-Mansiysk RUS"]
[Date "2013.06.09"]
[Round "9.14"]
[White "Potkin,V"]
[Black "Bologan,V"]
[Result "1-0"]
[WhiteElo "2647"]
[BlackElo "2672"]

1.d4 Nf6 2.Nf3 e6 3.c4 Nc6 4.g3 Bb4+ 5.Bd2 Qe7 6.Nc3 O-O 7.Bg2 d6 8.O-O Bxc3
9.Bxc3 e5 10.d5 Nb8 11.Nd2 a5 12.b3 c5 13.e4 Nbd7 14.Qc2 h6 15.f4 Nh7 16.Rae1 b6
17.Nf3 a4 18.bxa4 Ra6 19.Rb1 Nhf6 20.f5 Bb7 21.a5 Rfa8 22.Rb2 Bc8 23.Rfb1 bxa5
24.Nd2 a4 25.a3 Qd8 26.h3 Rb6 27.Rxb6 Nxb6 28.Kh2 Qc7 29.g4 Nbd7 30.Bf3 Nf8
31.h4 g5 32.hxg5 hxg5 33.Kg3 Ne8 34.Be2 f6 35.Qb2 Qh7 36.Nf3 Qc7 37.Qb6 Qxb6
38.Rxb6 Nd7 39.Rb5 Nc7 40.Ra5 Nb6 41.Nd2 Bd7 42.Bd1 Kf7 43.Kf2 Ke8 44.Ke3 Kd8
45.Kd3 Kc8 46.Rxa8+ Ncxa8 47.Nf3 Kc7 48.Bd2 Bc8 49.Kc3 Kd7 50.Nxg5 fxg5 51.Bxg5 Nc7
52.Be3 Ba6 53.Be2 Ncxd5+ 54.exd5 Nxd5+ 55.Kd2 Nf6 56.g5 Ne4+ 57.Kd3 Ng3 58.Bg4 Ke8
59.g6 Bc8 60.f6 Bf5+ 61.Bxf5 Nxf5 62.Bg5 Nd4 63.f7+  1-0

[Event "FIDE World Blitz 2013"]
[Site "Khanty-Mansiysk RUS"]
[Date "2013.06.09"]
[Round "12.23"]
[White "Nadanian,A"]
[Black "Bologan,V"]
[Result "0-1"]
[WhiteElo "2428"]
[BlackElo "2672"]

1.e4 c5 2.d3 d5 3.exd5 Qxd5 4.Nc3 Qd8 5.g3 g6 6.Be3 Na6 7.Bg2 Nf6 8.h3 Bg7
9.Nf3 O-O 10.O-O Be6 11.Ng5 Bd5 12.Nxd5 Nxd5 13.Bd2 Qd7 14.c3 e6 15.Qb3 Rab8
16.Rad1 b5 17.Ne4 Rfc8 18.Rfe1 c4 19.Qc2 Qc7 20.d4 b4 21.Qc1 Rd8 22.Bh6 Rd7
23.h4 Qd8 24.h5 Bxh6 25.Qxh6 Qf8 26.Qd2 Rdb7 27.Bh3 bxc3 28.bxc3 Rb2 29.Qg5 R8b6
30.a4 Nb8 31.Nc5 Nxc3 32.Rd2 Rxd2 33.Qxd2 Nd5 34.Bg2 c3 35.Qg5 Qe7 36.Qxd5 exd5
37.Rxe7 c2 38.Nd3 Nc6 39.Rc7 Nxd4 40.h6 Kf8 41.Kh2 Rb3 42.Ne5 Rb1 43.Rxf7+ Ke8
44.Rxh7 c1=Q 45.Rg7 Qxh6+  0-1

[Event "FIDE World Blitz 2013"]
[Site "Khanty-Mansiysk RUS"]
[Date "2013.06.09"]
[Round "13.17"]
[White "Bologan,V"]
[Black "Vasquez Schroeder,R"]
[Result "1-0"]
[WhiteElo "2672"]
[BlackElo "2542"]

1.e4 c5 2.Nf3 d6 3.d4 cxd4 4.Nxd4 Nf6 5.Nc3 a6 6.Be2 e6 7.Be3 Qc7 8.Qd2 b5
9.f3 Bb7 10.a3 Be7 11.O-O-O Nbd7 12.Ndxb5 axb5 13.Nxb5 Qc8 14.Nxd6+ Bxd6
15.Qxd6 Ba6 16.Rhe1 Bxe2 17.Rxe2 Ra6 18.Qb4 Qc6 19.b3 Ra8 20.Kb2 Rb8 21.Qd6 Qxd6
22.Rxd6 Ke7 23.Ra6 Rhc8 24.Bd4 Rb7 25.Rd2 Ne8 26.Ra7 Rxa7 27.Bxa7 Nd6 28.Bd4 e5
29.Bc3 Ke6 30.Bb4 Nb7 31.a4 g6 32.a5 Ra8 33.Rd5 f5 34.c4 fxe4 35.fxe4 Nf6
36.Rb5 Nd8 37.Rb6+ Kf7 38.Bc3 Nxe4 39.b4 Nxc3 40.Kxc3 Ne6 41.a6 Kf6 42.b5 Kf5
43.Rd6 Nd4 44.Kb4 Nc2+ 45.Kc5 e4 46.b6 Rxa6 47.b7 Ra5+ 48.Kb6 Ra4 49.Rd5+ Kf4
50.b8=Q+  1-0

[Event "FIDE World Blitz 2013"]
[Site "Khanty-Mansiysk RUS"]
[Date "2013.06.09"]
[Round "14.17"]
[White "Vasquez Schroeder,R"]
[Black "Bologan,V"]
[Result "0-1"]
[WhiteElo "2542"]
[BlackElo "2672"]

1.e4 g6 2.d4 Bg7 3.c4 d6 4.Nc3 Nd7 5.Nf3 e5 6.g3 Ngf6 7.Bg2 O-O 8.O-O c6
9.h3 Re8 10.Re1 a6 11.a3 exd4 12.Nxd4 Nc5 13.b4 Ncd7 14.f4 Nh5 15.Kh2 f5
16.Be3 fxe4 17.Nxe4 Ndf6 18.Nc3 Nd7 19.Qd3 Nb6 20.Rad1 Bd7 21.Nb3 Be6 22.Na5 Qc7
23.Bd4 Bf5 24.Qd2 Rxe1 25.Rxe1 Nf6 26.g4 Bd7 27.Kh1 Re8 28.Rxe8+ Bxe8 29.g5 Nh5
30.Bxg7 Nxg7 31.Ne4 d5 32.Nf6+ Kh8 33.Qd4 Bf7 34.c5 Nd7 35.Ng4 Be6 36.Nh6 Bf5
37.Nb3 Nf8 38.Nxf5 gxf5 39.Qf6 Kg8 40.Qe5 Qxe5 41.fxe5 Nfe6 42.Na5 Nd8 43.Kh2 Nge6
44.h4 Nd4 45.Bh3 Kf7 46.Kg3 Ke6 47.Kf4 Ne2+ 48.Ke3 Nc3 49.Kf4 Ne2+ 50.Ke3 Ng3
51.Kf3 Nh5 52.Bf1 Kxe5 53.Be2 Nf4 54.Bf1 Nfe6 55.Ke3 f4+ 56.Kf3 Nd4+ 57.Kg4 Nc2
58.h5 Ne3+ 59.Kf3 Nxf1 60.g6 hxg6 61.h6 Kf6 62.Kxf4 Nd2 63.h7 Kg7 64.Ke5 Nc4+
65.Kd4  0-1

[Event "FIDE World Blitz 2013"]
[Site "Khanty-Mansiysk RUS"]
[Date "2013.06.09"]
[Round "15.8"]
[White "Guseinov,G"]
[Black "Bologan,V"]
[Result "1-0"]
[WhiteElo "2631"]
[BlackElo "2672"]

1.e4 g6 2.d4 Bg7 3.Nc3 c6 4.Nf3 d6 5.a4 Nf6 6.Be2 O-O 7.O-O Nbd7 8.Be3 e5
9.dxe5 dxe5 10.Nd2 Qe7 11.Nc4 Nc5 12.Qd6 Qxd6 13.Nxd6 Ne6 14.Rad1 Nd4 15.Bxd4 exd4
16.Rxd4 Ne8 17.Rd3 Nxd6 18.Rxd6 Re8 19.f4 Bxc3 20.bxc3 Rxe4 21.Rd8+ Kg7 22.Bd3 Re7
23.f5 gxf5 24.Bxf5 Rc7 25.Re1 a6 26.a5 c5 27.Ree8 Bxf5 28.Rxa8 c4 29.g4 Bxc2
30.g5 Kg6 31.Rg8+ Kh5 32.Rac8 Re7 33.Rxc4 Be4 34.Kf2 Bg6 35.h4 Re5 36.Rb8 Be4
37.Kg3 Bc6 38.Rf4 Re3+ 39.Kf2 Re7 40.Rg8 Rd7 41.Rg7 Bd5 42.Rxh7+ Kg6 43.Rh6+ Kg7
44.Rhf6 Ba2 45.Rb6 Rc7 46.Rf3 Bd5 47.Re3 Bc6 48.Kg3 Rd7 49.Rb4 Rd5 50.Rf4 Rxa5
51.Re7 Bd5 52.Re5 Rb5 53.Rff5 Bc4 54.Rxb5 Bxb5 55.h5 Bc4 56.Rc5 Be6 57.Rc7 b5
58.Ra7 Bc8 59.Kf4  1-0

[Event "FIDE World Blitz 2013"]
[Site "Khanty-Mansiysk RUS"]
[Date "2013.06.09"]
[Round "16.8"]
[White "Bologan,V"]
[Black "Guseinov,G"]
[Result "1/2-1/2"]
[WhiteElo "2672"]
[BlackElo "2631"]

1.e4 c5 2.Nf3 g6 3.c3 Bg7 4.d4 cxd4 5.cxd4 d5 6.e5 Bg4 7.Nbd2 Nc6 8.h3 Bxf3
9.Nxf3 f6 10.exf6 Nxf6 11.Bd3 O-O 12.O-O Ne4 13.Be3 Nd6 14.Ng5 Qd7 15.Nxh7 Kxh7
16.Qh5+ Kg8 17.Bxg6 Rf6 18.Qh7+ Kf8 19.Bh6 Rxg6 20.Qxg6 Nf5 21.Bxg7+ Nxg7
22.Rad1 Qf5 23.Qh6 Kg8 24.Rfe1 Rf8 25.Qe3 Rf6 26.g4 Qh7 27.f4 e6 28.Kg2 Qg6
29.Kh2 Qf7 30.Kg3 Ne7 31.Qd2 Rg6 32.Rf1 Rf6 33.Qd3 Rh6 34.Kh2 Rf6 35.Qe3 Ng6
36.Kg3 Ne7 37.Kg2 Ng6 38.Kg3 Ne7 39.Qd2 Rh6 40.Rf3 Qf6 41.Kh2 Qf7 42.Rdf1 Rf6
43.Qe3 Ng6 44.Qd2 Ne7 45.Qb4 Ng6 46.Qd6 Kh7 47.Qb8 a6 48.Kg3 Qe7 49.Qa7 Rf7
50.Qc5 Qh4+ 51.Kg2 Qd8 52.Qc2 Qf6 53.Kh1 Kg8 54.Qd3 Nh4 55.R3f2 Ng6 56.Qe3 Ne7
57.Rc1 Nc6 58.Rd1 Ne7 59.Qe5 Qh4 60.Kg2 Ng6 61.Qe3 Qf6 62.Rdf1 Nh4+ 63.Kh2 Ng6
64.Rf3 Nh4 65.R3f2 Ng6 66.Qd2 Ne7 67.Qe3 Ng6 68.Re2 Ne7 69.Qe5 Qh4 70.Qb8+ Rf8
71.Qxb7 Ng6 72.Qc7 Qf6 73.Qc3 Qe7 74.f5 Nh4 75.Qg3 Qg5 76.Ref2 exf5 77.gxf5 Qxg3+
78.Kxg3 Nhxf5+ 79.Kh2 Kh7 80.Rf4 Rb8 81.b3 Nd6 82.Rh4+ Kg8 83.Rh6 Ndf5 84.Rxa6 Rc8
85.Rf2 Nxd4 86.Rd6 Rc5 87.b4 Rc4 88.a3 Nb5 89.Rd8+ Kh7 90.Rd7 Kh6 91.Rf6+  1/2-1/2

[Event "FIDE World Blitz 2013"]
[Site "Khanty-Mansiysk RUS"]
[Date "2013.06.10"]
[Round "17.14"]
[White "Bologan,V"]
[Black "Safarli,E"]
[Result "1/2-1/2"]
[WhiteElo "2672"]
[BlackElo "2660"]

1.e4 c5 2.Nf3 Nc6 3.d4 cxd4 4.Nxd4 Nf6 5.Nc3 e6 6.Ndb5 Bc5 7.Bf4 O-O 8.Bd6 Qb6
9.Bxc5 Qxc5 10.Qd6 Qb6 11.Rb1 a6 12.Na3 Qb4 13.Nc4 b5 14.a3 Qxd6 15.Nxd6 Ne8
16.Rd1 b4 17.axb4 Nxb4 18.Nxc8 Rxc8 19.Kd2 Nf6 20.Bd3 Rc6 21.Ra1 Rfc8 22.Ra4 Nxd3
23.cxd3 Rb6 24.Kc2 d5 25.Rha1 Rbc6 26.f4 h5 27.Kd2 Rb6 28.R1a2 Rcc6 29.exd5 exd5
30.Rd4 Rd6 31.Kc2 g6 32.h4 Kg7 33.Ra5 Rdc6 34.Ra2 Rc5 35.Kd2 Rcc6 36.Nxd5 Nxd5
37.Rxd5 Rb4 38.g3 Rcb6 39.Kc3 Rb3+ 40.Kc2 R3b4 41.Re5 Rc6+ 42.Kd2 Rd6 43.Kc3 Rbd4
44.Re3 R4d5 45.Ra4 a5 46.d4 Rb6 47.Re5 Rd7 48.Raxa5 Rdb7 49.d5 Rxb2 50.Ra3 Rf2
51.Kc4 Rc7+ 52.Kd4 Rfc2 53.d6 R7c4+ 54.Kd3 Rc1 55.d7 Rc7 56.Kd2 R7c2+ 57.Ke3 Re1+  1/2-1/2

[Event "FIDE World Blitz 2013"]
[Site "Khanty-Mansiysk RUS"]
[Date "2013.06.10"]
[Round "18.14"]
[White "Safarli,E"]
[Black "Bologan,V"]
[Result "1-0"]
[WhiteElo "2660"]
[BlackElo "2672"]

1.e4 g6 2.d4 Bg7 3.Nc3 c6 4.h3 d6 5.f4 e5 6.dxe5 Qh4+ 7.Ke2 dxe5 8.Nf3 Qe7
9.fxe5 Nd7 10.Bg5 Qb4 11.Qd2 h6 12.Bf4 Nc5 13.Kf2 Qxc3 14.Qxc3 Nxe4+ 15.Kg1 Nxc3
16.bxc3 Ne7 17.Bc4 g5 18.Be3 Be6 19.Bxe6 fxe6 20.Kf2 Nd5 21.Bd2 Rd8 22.Rhe1 Nb6
23.Rab1 Rd7 24.Be3 Na4 25.Rb3 b5 26.Nd4 Nc5 27.Ra3 Rc7 28.c4 b4 29.Ra5 Bf8
30.Nb3 Ne4+ 31.Kf3 Nc3 32.Rxa7 Rhh7 33.Rxc7 Rxc7 34.Bc5 Rf7+ 35.Kg3 Nxa2
36.Bxf8 Kxf8 37.Nd4 Kg7 38.Nxe6+ Kg6 39.Nd8 Re7 40.Nxc6 Re8 41.e6 Nc3 42.Nxb4 Na4
43.Nd5 Nc5 44.e7 Kf7 45.Rf1+ Kg7 46.Re1 Kf7 47.Kf3 Nd7 48.Kg4 Rc8 49.e8=Q+ Rxe8
50.Rxe8 Kxe8 51.Kh5 Nc5 52.Kxh6 Ne4 53.Kg6 Kd7 54.Nf6+  1-0

[Event "FIDE World Blitz 2013"]
[Site "Khanty-Mansiysk RUS"]
[Date "2013.06.10"]
[Round "20.17"]
[White "Bologan,V"]
[Black "Gundavaa,B"]
[Result "1-0"]
[WhiteElo "2672"]
[BlackElo "2516"]

1.e4 c5 2.Nf3 d6 3.d4 cxd4 4.Nxd4 Nf6 5.Nc3 a6 6.Be2 e5 7.Nb3 Be7 8.Be3 O-O
9.g4 Be6 10.g5 Nfd7 11.Qd2 Nb6 12.O-O-O N8d7 13.Kb1 Rc8 14.h4 Nc4 15.Bxc4 Rxc4
16.h5 f5 17.exf5 Rxf5 18.g6 h6 19.Nd5 Bf8 20.Na5 Ra4 21.Nb3 Rh4 22.Rxh4 Qxh4
23.Nc7 Bc4 24.Na5 b6 25.Nxc4 Qxc4 26.Nd5 b5 27.b3 Qe4 28.Qa5 Qf3 29.Rd2 Nf6
30.Nxf6+ Rxf6 31.Qxa6 Qxh5 32.Qxb5 Qxg6 33.a4 Qg1+ 34.Kb2 Rg6 35.Qd5+ Kh7
36.Rd1 Qg4 37.a5 Be7 38.a6 Qb4 39.a7  1-0

[Event "FIDE World Blitz 2013"]
[Site "Khanty-Mansiysk RUS"]
[Date "2013.06.10"]
[Round "22.17"]
[White "Khairullin,I"]
[Black "Bologan,V"]
[Result "1/2-1/2"]
[WhiteElo "2658"]
[BlackElo "2672"]

1.d4 Nf6 2.c4 g6 3.Nc3 d6 4.e4 Nbd7 5.Nf3 e5 6.Be2 Bg7 7.O-O O-O 8.Re1 Re8
9.Bf1 a6 10.Rb1 exd4 11.Nxd4 c6 12.b4 Qc7 13.h3 Ne5 14.Be3 Ned7 15.Qc2 Nf8
16.c5 dxc5 17.bxc5 Nh5 18.Na4 Ne6 19.Nb3 Bd7 20.Nb6 Rad8 21.Rbd1 h6 22.Qc1 g5
23.Bc4 Nhf4 24.Rd2 Nf8 25.Qc2 N8g6 26.Red1 Ne5 27.Nxd7 Rxd7 28.Rxd7 Nxd7
29.Nd4 Nxc5 30.Bxf7+ Qxf7 31.Qxc5 Rxe4 32.Bxf4 Bxd4 33.Rxd4 Rxd4 34.Qxd4 gxf4
35.a4 f3 36.g4 Qd5 37.Qf6 b5 38.axb5 axb5 39.Qxh6 b4 40.Qg6+ Kf8 41.Qf6+ Kg8
42.Qg6+ Kf8 43.Qf6+ Kg8  1/2-1/2

[Event "FIDE World Blitz 2013"]
[Site "Khanty-Mansiysk RUS"]
[Date "2013.06.10"]
[Round "27.12"]
[White "Riazantsev,A"]
[Black "Bologan,V"]
[Result "1-0"]
[WhiteElo "2708"]
[BlackElo "2672"]

1.d4 g6 2.c4 Bg7 3.e4 d6 4.Nc3 Nd7 5.Be3 e5 6.Nge2 Ne7 7.Qd2 O-O 8.d5 f5
9.f3 a5 10.O-O-O Nc5 11.Kb1 b6 12.Nc1 Kh8 13.h4 f4 14.Bf2 Ng8 15.h5 g5 16.Be2 Bh6
17.b3 Bd7 18.a3 Qe7 19.b4 axb4 20.axb4 Na4 21.Nb5 Rfc8 22.Nb3 g4 23.Rc1 Nf6
24.Rc2 Qg7 25.Rhc1 Nxh5 26.Ra2 Nf6 27.Bd1 Be8 28.Na1 Nc5 29.bxc5 bxc5 30.Rxa8 Rxa8
31.Bh4 Bg5 32.Bxg5 Qxg5 33.Nxc7 Rb8+ 34.Ka2 Qg7 35.Qa5 Rb7 36.Na6 gxf3 37.Bxf3 Qd7
38.Rb1 Ra7 39.Rb6 Bg6 40.Qb5 Qe7 41.Nb3 Bxe4 42.Na5 Ra8 43.Nc6 Qg7  1-0

[Event "FIDE World Blitz 2013"]
[Site "Khanty-Mansiysk RUS"]
[Date "2013.06.10"]
[Round "28.12"]
[White "Bologan,V"]
[Black "Riazantsev,A"]
[Result "0-1"]
[WhiteElo "2672"]
[BlackElo "2708"]

1.e4 c6 2.d4 d5 3.e5 Bf5 4.Nf3 e6 5.Be2 Ne7 6.O-O Bg6 7.Nbd2 Nf5 8.Nb3 Nd7
9.Bd2 h6 10.Rc1 Be7 11.c4 dxc4 12.Na5 Qc8 13.Bxc4 Nb6 14.Bb3 Bh5 15.Be3 Nh4
16.h3 Nxf3+ 17.gxf3 Qd7 18.Kg2 O-O 19.Qd2 f6 20.f4 Nd5 21.Bxd5 exd5 22.f3 Rae8
23.Rf2 fxe5 24.dxe5 Bh4 25.Rff1 Re6 26.Kh2 Rg6 27.Rg1 Rxg1 28.Rxg1 Bxf3 29.Qd4 Qf5
30.Qd2 c5 31.Nxb7 d4  0-1

[Event "FIDE World Blitz 2013"]
[Site "Khanty-Mansiysk RUS"]
[Date "2013.06.10"]
[Round "29.17"]
[White "Bologan,V"]
[Black "Ghaem Maghami,E"]
[Result "1-0"]
[WhiteElo "2672"]
[BlackElo "2554"]

1.e4 c5 2.Nf3 e6 3.d4 cxd4 4.Nxd4 a6 5.Nc3 Qc7 6.Bd3 Nf6 7.f4 d6 8.Qf3 b5
9.a3 Bb7 10.g4 Nc6 11.Be3 Nd7 12.Nxc6 Bxc6 13.O-O g6 14.Bd4 Rg8 15.Rae1 Be7
16.Re2 Bf6 17.Bxf6 Nxf6 18.g5 Nd7 19.Nd5 Qa7+ 20.Rff2 Kd8 21.Nb4 Bb7 22.Qh3 Ke7
23.Nd5+ exd5 24.exd5+ Kd8 25.Qxh7 Rf8 26.f5 Bxd5 27.Qh4 Ne5 28.Qf4 Qe7 29.fxg6 Kc7
30.g7 Rg8 31.Qf6 Rae8 32.Bh7 Nf3+ 33.Qxf3 Bxf3 34.Rxe7+ Rxe7 35.Bxg8 Re5
36.h4 Bd5 37.Bh7 f5 38.Bxf5 Re3 39.Kh2 Re1 40.Kg3 Rg1+ 41.Kf4 Kc6 42.h5 Kc5
43.h6 Bg8 44.h7 Bd5 45.g8=Q Be4 46.Kxe4  1-0

[Event "FIDE World Blitz 2013"]
[Site "Khanty-Mansiysk RUS"]
[Date "2013.06.10"]
[Round "30.17"]
[White "Ghaem Maghami,E"]
[Black "Bologan,V"]
[Result "0-1"]
[WhiteElo "2554"]
[BlackElo "2672"]

1.d4 Nf6 2.Nf3 g6 3.Bg5 Bg7 4.Nbd2 h6 5.Bh4 d6 6.c3 g5 7.Bg3 Nh5 8.e3 Nd7
9.Bd3 e6 10.Qe2 a6 11.O-O-O b5 12.h4 Nxg3 13.fxg3 g4 14.Ng1 h5 15.Qf2 Bb7
16.Ne2 Qe7 17.Rhf1 c5 18.Kb1 Rb8 19.Bc2 d5 20.e4 b4 21.exd5 bxc3 22.dxe6 fxe6
23.Nb3 c4 24.Na5 Bxg2 25.Nxc3 Bf3 26.Bg6+ Kf8 27.Nc6 Qf6 28.Be4 Rb6 29.Bxf3 gxf3
30.Qxf3 Kg8 31.Qe4 Nc5 32.dxc5 Rxb2+ 33.Ka1 Rf2 34.Rxf2 Qxc3+ 35.Kb1 Qa1+
36.Kc2 Qb2+  0-1

[Event "29th ECC Open 2013"]
[Site "Rhodes GRE"]
[Date "2013.10.21"]
[Round "2.6"]
[White "Bjerre,Jonas"]
[Black "Bologan,V"]
[Result "0-1"]
[WhiteElo "1792"]
[BlackElo "2670"]

1.e4 c5 2.Nc3 e6 3.f4 Nc6 4.Bb5 Nge7 5.Nf3 a6 6.Bxc6 Nxc6 7.O-O Be7 8.d3 O-O
9.Qe1 d5 10.Qg3 d4 11.Ne2 f6 12.Bd2 b5 13.a4 Rb8 14.b3 f5 15.axb5 axb5 16.Ra2 Bb7
17.Qf2 fxe4 18.dxe4 Qc7 19.c3 e5 20.cxd4 Nxd4 21.Nexd4 exd4 22.e5 Bd5 23.Rb2 Qd7
24.Rc1 Rbc8 25.Qe2 Rc6 26.Kh1 Rg6 27.Rg1 Qg4 28.Rbb1 Qf5 29.b4 c4 30.Nxd4 Rxg2
31.Rxg2 Qxb1+  0-1

[Event "29th ECC Open 2013"]
[Site "Rhodes GRE"]
[Date "2013.10.22"]
[Round "3.2"]
[White "Bologan,V"]
[Black "Lehtioksa,J"]
[Result "1-0"]
[WhiteElo "2670"]
[BlackElo "2186"]

1.e4 c5 2.Nf3 d6 3.d4 cxd4 4.Nxd4 Nf6 5.Nc3 a6 6.Be2 e5 7.Nb3 Be7 8.Be3 Be6
9.Nd5 Nbd7 10.Qd3 Nc5 11.Nxc5 Bxd5 12.exd5 dxc5 13.O-O-O Qd6 14.c4 O-O 15.g4 b5
16.g5 Nd7 17.Qe4 f5 18.gxf6 Nxf6 19.Qf5 Nd7 20.Qe6+ Kh8 21.cxb5 axb5 22.Bxb5 Nb6
23.Qxd6 Bxd6 24.a3 Nc8 25.Bc6 Ra5 26.Rhe1 Ne7 27.Bd2 Ra6 28.Bc3 Nxc6 29.dxc6 Rxc6
30.Bxe5 Bxe5 31.Rxe5 h6 32.Rd2 c4 33.Re3 Kh7 34.Rc3 Rf4 35.b4 Rb6  1-0